00360nam a2200121Ia 4500008004100000041000800041082000800049100003200057245009200089260003200181300000800213520001700221221007s9999 xx 000 0 und d aeng bBAN aBankar Sharmila S (2k81010) aStudy of Standard Operating Procedures for Training and Evaluation of Training Programs c2010bPune UniversityaPune a57p aKetkar Leela